000 01156cam a2200301 a 4500
999 _c532228
_d532228
001 15899772
003 NUST
005 20191113173211.0
008 090909s2010 vaua b 001 0 eng
010 _a 2009035442
020 _a9780784409749
020 _a0784409749
035 _a(OCoLC)ocn436387152
038 _aM.Ramzan
040 _aDLC
_cDLC
_dYDX
_dTXA
_dYDXCP
_dCDX
_dBWX
_dDLC
050 0 0 _aTA177.4
_b.G75 2010
082 0 0 _a658.15
_222
_bGRI
100 1 _aGrigg, Neil S.
_924958
245 1 0 _aEconomics and finance for engineers and planners :
_bmanaging infrastructure and natural resources /
_cNeil S. Grigg.
260 _aReston, Va. :
_bAmerican Society of Civil Engineers,
_cc2010.
300 _aviii, 301 p. :
_bill. ;
_c23 cm.
504 _aIncludes bibliographical references and index.
650 0 _aEngineering economy.
_925603
650 0 _aInfrastructure (Economics)
_91122
906 _a7
_bcbc
_corignew
_d1
_eecip
_f20
_gy-gencatlg
942 _2ddc
_cBK